General knowledge- US states - Statistics

General Stats
  • This quiz has been taken 29 times
  • The average score is 35 of 50
Answer Stats
Hint Answer % Correct
One of the largest gambling cities in the world is located here Nevada
100%
Prominent geographical features of this state include the Sierra Nevadas, Mojave Desert, and San Andreas Fault California
96%
It's capital city is nicknamed the "Mile High City" Colorado
96%
The K in KFC Kentucky
96%
Home to the cities of Akron, Toledo, and Cincinnati Ohio
96%
The declaration of Independence was signed in this state Pennsylvania
96%
Produces the most amount of lobsters annually Maine
91%
Lord Baltimore and his descendants once owned this entire state after being granted a charter in 1632 Maryland
91%
The longest river in the US shares its name with this state Missouri
91%
A famous monument picturing 4 influential presidents can be found here South Dakota
91%
Mount Rainier, North Cascades, and Olympic are all national parks found here Washington
91%
The biggest canyon in the US made by the Colorado River is found in this state Arizona
87%
Dishes commonly served here include gumbo, jambalaya, and fried catfish Louisiana
87%
The capital is Providence Rhode Island
87%
Produces the most amount of oil Texas
87%
Produces the most amount of cheese annually Wisconsin
87%
Has the highest point in North America Alaska
83%
You can find the ski resorts of Big Sky and Whitefish in this state Montana
83%
This state split from its southern counterpart in 1889 in an effort by the republican party trying to gain more senate seats North Dakota
83%
Charles Barkley, Channing Tatum, and Rosa Parks were all born here Alabama
78%
The Bean is a popular attraction in this state's largest city Illinois
78%
Home to the setting of the show Breaking Bad New Mexico
78%
The first successful airplane ride took place here in Kitty Hawk North Carolina
78%
Found on the North West side of the "Four Corners" Utah
78%
Home to the most amount of golf courses Florida
74%
Home to Columbia University and Cornell University New York
74%
The Colts, Fever, and Pacers play here Indiana
70%
The longest shoreline on lakes is in this state Michigan
70%
Nicknamed the Sooner State, the shopping cart was invented here Oklahoma
70%
Are you from ___________ Because your the only ten I see Tennessee
70%
bordered by Pennsylvania, Maryland, Virginia, Kentucky, and Ohio West Virginia
70%
Second-smallest state Delaware
65%
Both snakes and billboards are illegal in this state Hawaii
65%
the NFL team from this state won the Super Bowl in 2020, 2023 and 2024 Kansas
65%
The first state to secede from the Union and where the first shots of the Civil War were fired South Carolina
61%
The state nicknamed "The Constitution State" was the first to legalize gay marriage Connecticut
57%
leading producer of corn in the US Nebraska
57%
The highest percent of black people is in this state Mississippi
52%
Densest population density New Jersey
52%
The only state bordered by two navigable rivers; the Missouri River and the Mississippi River Iowa
48%
Top state for education based on high school and college graduation rates and test scores Massachusetts
48%
State with the highest number of hockey players Minnesota
48%
The first female member of senate was elected from this state nicknamed "The Natural State" Arkansas
43%
Largest state east of the Mississippi River Georgia
43%
First state to declare independence from England in 1775 New Hampshire
43%
The deepest lake in the US is found here Oregon
43%
Had the largest number of slaves in 1860 Virginia
43%
No Return Wilderness is the largest wilderness area in the 48 continuous states and is found here Idaho
35%
Voted the most democrat in the 2024 election Vermont
35%
Most amount of guns per capita Wyoming
26%
No matching quizzes found
Score Distribution
Percent of People with Each Score
Percentile by Number Answered
Your Score History
You have not taken this quiz